| 000 | 00500nam a2200181 a 4500 | ||
|---|---|---|---|
| 001 | 2021 | ||
| 005 | 20140414131920.0 | ||
| 008 | 050223s19uu xx 00 eng d | ||
| 020 | _a0-307-12258-1 | ||
| 050 |
_aER _bM99 1981 |
||
| 245 |
_aMy goodnight book / _cpictures by Eloise Wilkin. |
||
| 260 |
_aNew York : _bA Golden Book, _c1981. |
||
| 300 | _a1 v. p. : ill. ; cm. | ||
| 440 | _aA Golden Sturdy Shape Book. | ||
| 650 | _aBedtime stories. | ||
| 650 | _aChildren stories. | ||
| 999 |
_c111723 _d111723 |
||